| Tag |
First Indicator |
Second Indicator |
Subfields |
| LEADER |
00000nam a2200000 4500 |
| 001 |
in00004288413 |
| 005 |
20200813080924.0 |
| 006 |
m g d |
| 007 |
cr bn |||a|bb| |
| 008 |
940413s1654 enk o 00| | eng d |
| 035 |
|
|
|a (UnM)99866604
|
| 037 |
|
|
|a CL0051000004
|b ProQuest Information and Learning. 300 N. Zeeb Rd., Ann Arbor, MI 48106
|
| 040 |
|
|
|a Cu-RivES
|c Cu-RivES
|d CStRLIN
|e dcrb
|d WaOLN
|
| 100 |
1 |
|
|a Fox, George,
|d 1624-1691.
|
| 245 |
1 |
2 |
|a A word from the Lord, to all the world, and all professors in the vvorld; :
|b spoken in parables: wherein all may come to read themselves through the parables, and see where they are; also a word to all professors, who cast the pure law of God behind their backs, and turn the grace of God into wantonness, and despite the day of their visitation; with a dreadful voice to all the children of darkness, who hate and deny the light; that all may come to see themselves, and repent, before the fierce wrath of the Lord, which is kindled in England, sweep you all away: by them who are redeemed out of the curse, to serve the living, called Quakers.
|
| 246 |
2 |
|
|a Word from the Lord, to all the world, and all professors in the world
|
| 260 |
|
|
|a London, :
|b Printed for Giles Calvert, at the Black spread-Eagle, at the west end of Pauls,
|c 1654.
|
| 300 |
|
|
|a 1 online resource ([2], 13, [1] pages)
|
| 336 |
|
|
|a text
|b txt
|2 rdacontent
|
| 337 |
|
|
|a computer
|b c
|2 rdamedia
|
| 338 |
|
|
|a online resource
|b cr
|2 rdacarrier
|
| 500 |
|
|
|a Attributed to George Fox.
|
| 500 |
|
|
|a Annotation on Thomason copy: "Aug: 25".
|
| 500 |
|
|
|a Reproduction of the original in the British Library.
|
| 510 |
4 |
|
|a Wing (2nd edition)
|c F1991A.
|
| 510 |
4 |
|
|a Thomason
|c E.809[6].
|
| 533 |
|
|
|a Electronic reproduction.
|b Ann Arbor, Mich. :
|c UMI,
|d 1999-
|f (Early English books online)
|n Digital version of: (Thomason Tracts ; 123:E809[6])
|7 s1999 miun s
|
| 650 |
|
0 |
|a Parables
|v Early works to 1800.
|
| 650 |
|
0 |
|a Quakers
|v Early works to 1800.
|
| 830 |
|
0 |
|a Early English books online.
|
| 856 |
4 |
0 |
|u http://proxy.library.tamu.edu/login?url=https://search.proquest.com/docview/2240915935
|z Connect to the full text of this electronic book
|t 0
|
| 999 |
f |
f |
|s 2a6fa3df-768c-3d76-9a42-0aca7cb210bc
|i 55a14c12-d000-375a-9b01-e8a175d5bcdb
|t 0
|
| 952 |
f |
f |
|a Texas A&M University
|b College Station
|c Electronic Resources
|d Available Online
|t 0
|h No information provided
|
| 998 |
f |
f |
|t 0
|l Available Online
|